[Event "Sabadell Open 2018"]
[Site "Sabadell"]
[Date "2018.09.05"]
[Round "5"]
[White "Serentill Tost, Eduard"]
[Black "Garcia Torres, Adolfo"]
[Result "1-0"]
[WhiteElo "1613"]
[BlackElo "1491"]
[Annotator "NA"]
[PlyCount "63"]
[EventDate "2018.09.01"]
[EventType "swiss"]
[EventCountry "ESP"]
[SourceTitle "playchess.com"]
[Source "ChessBase"]
[SourceQuality "1"]
[TimeControl "5400+30"]

1. e4 {[%emt 0:05:45]} e5 {[%emt 0:00:00]} 2. Nf3 {[%emt 0:00:07]} Nf6 {[%emt 0:00:00]} 3. Nxe5 {[%emt 0:00:10]} Qe7 {[%emt 0:00:00]} 4. d4 {[%emt 0:02:18]} d6 5. Nf3 {[%emt 0:00:28]} Qxe4+ {[%emt 0:00:00]} 6. Be2 {[%emt 0:01:13]} Be7 {[%emt 0:00:14]} 7. Nc3 {[%emt 0:00:52]} Qc6 {[%emt 0:00:45]} 8. Bb5 {[%emt 0:00:23]} Qxb5 {[%emt 0:01:45]} 9. Nxb5 {[%emt 0:00:32]} Na6 {[%emt 0:00:09]} 10. Bg5 {[%emt 0:02:30]} O-O {[%emt 0:00:45]} 11. O-O {[%emt 0:01:02]} Bd7 {[%emt 0:00:20]} 12. Nc3 h6 13. Bxf6 {[%emt 0:02:20]} Bxf6 {[%emt 0:00:46]} 14. Nd5 {[%emt 0:00:17]} Bd8 {[%emt 0:00:59]} 15. Re1 {[%emt 0:00:49]} c6 {[%emt 0:00:07]} 16. Nf4 {[%emt 0:02:24]} Bf6 {[%emt 0:05:54]} 17. c3 {[%emt 0:01:53]} Nc7 {[%emt 0:00:17]} 18. Nh5 {[%emt 0:01:45]} Bd8 19. h3 Be6 {[%emt 0:03:29]} 20. Qd2 {[%emt 0:03:02]} Bd5 {[%emt 0:02:53]} 21. Qd3 {[%emt 0:03:49]} Ne8 {[%emt 0:02:28]} 22. Nf4 {[%emt 0:00:50]} Bxf3 {[%emt 0:00:26]} 23. Qxf3 {[%emt 0:00:46]} d5 {[%emt 0:01:41]} 24. Re2 {[%emt 0:01:06]} Nd6 {[%emt 0:00:14]} 25. Rae1 {[%emt 0:01:26]} Ne4 {[%emt 0:03:03]} 26. Nd3 {[%emt 0:02:24]} Bf6 {[%emt 0:06:34]} 27. Nc5 {[%emt 0:05:33]} Ng5 28. Qd3 {[%emt 0:01:10]} b6 {[%emt 0:06:36]} 29. Nd7 Rfd8 {[%emt 0:00:35]} 30. Nxf6+ {[%emt 0:00:55]} gxf6 31. Re7 {[%emt 0:04:46]} Ne6 {[%emt 0:01:47]} 32. R1xe6 1-0

[Event "Sabadell Open 2018"]
[Site "Sabadell"]
[Date "2018.09.06"]
[Round "6"]
[White "Aguero Jimenez, Luis Lazaro"]
[Black "Cruz, Cristhian"]
[Result "0-1"]
[WhiteElo "2483"]
[BlackElo "2571"]
[Annotator "TA"]
[PlyCount "80"]
[EventDate "2018.09.01"]
[EventType "swiss"]
[EventCountry "ESP"]
[SourceTitle "playchess.com"]
[Source "ChessBase"]
[SourceQuality "1"]

{[%evp 22,80,0,0,2,0,12,-6,0,0,0,0,27,7,0,21,19,-18,-16,-27,-8,-25,-13,-72,-62,-74,-58,-129,-122,-135,-135,-150,-141,-151,-150,-154,-158,-164,-174,-240,-172,-307,-309,-387,-384,-412,-349,-392,-397,-396,-395,-946,-910,-1434,-1294,-1776,-1755,-29981,-29982,-29982,-29983]} 1. e4 c5 2. Nf3 e6 3. d4 cxd4 4. Nxd4 Nf6 5. Nc3 d6 6. Be2 Be7 7. O-O O-O 8. Be3 Nc6 9. Kh1 Bd7 10. Ndb5 {B83: Sicilian Scheveningen: 6 Be2, lines without ...a6} Qb8 11. a4 Rd8 12. f4 {LiveBook: 3 Games. The position is equal.} Be8 (12... Nb4 13. Bf3 e5 14. Qe2 Bc6 15. fxe5 dxe5 16. a5 b6 17. axb6 axb6 18. Rxa8 Bxa8 19. Na4 Bc6 {0-1 (35) Ivanchuk,V (2779)-Movsesian,S (2751) Wijk aan Zee 2009 CBM 129 [Movsesian,S]}) 13. Bf3 a6 14. Nd4 Qc7 15. Qe1 $146 ({Predecessor:} 15. Nb3 Na5 16. Nxa5 Qxa5 17. Qd2 Bc6 18. Rfe1 Qc7 19. Qf2 Re8 20. Bb6 Qb8 21. Bd4 e5 22. Be3 b5 23. fxe5 dxe5 24. axb5 axb5 25. Rxa8 Bxa8 26. Ba7 Qb7 {½-½ (26) Smirin,I (2500)-Yudasin,L (2505) Moscow 1988}) 15... Nxd4 16. Bxd4 e5 17. Be3 b5 18. a5 Rdc8 19. Rf2 Bc6 20. Rd2 Qb7 {[%cal Rf6e4]} 21. fxe5 dxe5 22. Bb6 (22. Bg5 $11 {remains equal.}) 22... Bb4 $17 23. Rad1 h6 24. Qg3 (24. Re2 $15) 24... Bxc3 $1 ({Worse is} 24... Nxe4 25. Nxe4 Bxe4 26. Rd7 $11) 25. bxc3 Bxe4 26. Bd8 {[#]} Rc6 $1 27. Qxe5 Bxf3 28. gxf3 {[#]} Re6 $1 29. Qf4 Rc8 30. Rg2 (30. Rd3 {keeps fighting.}) 30... Ne8 31. Bb6 (31. Rd3 $142) 31... Rxc3 $19 32. Rg3 Rxc2 33. Rd8 Rc8 34. Qd4 {[%csl Gg3][%cal Rd4g7]} Rxd8 35. Qxd8 Qc6 36. Bd4 $2 (36. Qd3) 36... Rd6 37. Qb6 Qc1+ 38. Rg1 Qf4 39. Qb8 Qxf3+ 40. Rg2 Rxd4 {Precision: White = 28%, Black = 76%.} 0-1

[Event "Sabadell Open 2018"]
[Site "Sabadell"]
[Date "2018.09.06"]
[Round "6"]
[White "Diaz Camallonga, Carles"]
[Black "Giron, Jorge Ernesto"]
[Result "1-0"]
[WhiteElo "2447"]
[BlackElo "2303"]
[Annotator "TA"]
[PlyCount "113"]
[EventDate "2018.09.01"]
[EventType "swiss"]
[EventCountry "ESP"]
[SourceTitle "playchess.com"]
[Source "ChessBase"]
[SourceQuality "1"]

{[%evp 14,113,46,26,33,9,24,24,85,78,87,72,91,87,97,84,208,76,74,77,64,75,59,66,55,45,64,50,68,45,48,52,87,87,87,69,77,66,84,83,73,20,28,8,9,4,7,0,4,0,46,29,40,27,28,22,24,9,16,0,0,0,0,0,0,0,0,0,0,0,25,8,17,14,48,50,224,215,310,153,149,158,129,130,285,285,285,285,630,625,606,582,6088,5777,5853,5699,2657,268,6534,4662,4622,1760]} 1. e4 c5 2. Nf3 d6 3. Bb5+ Nd7 4. d4 a6 5. Bxd7+ Bxd7 6. dxc5 {B51: Sicilian: Moscow Variation (3 Bb5+) without 3...Bd7} dxc5 7. Nc3 e6 8. Ne5 {LiveBook: 8 Games. White is slightly better.} (8. Bg5 Be7 9. Bxe7 Qxe7 10. O-O Rd8 11. Re1 Bc6 12. Qc1 Nf6 13. a4 O-O {0-1 (60) Duda,J (2717)-Nepomniachtchi,I (2729) Riadh 2017}) 8... Nf6 9. Qf3 $146 ({Predecessor:} 9. Bf4 Qb6 10. Qf3 Be7 11. O-O-O Bb5 12. a4 Bc6 13. Nc4 Qa7 {0-1 (43) Lukovic,V (2444)-Lewicki,M (2346) Fuengirola 2017}) 9... Bd6 10. Nc4 Bb5 (10... Bc7 $11 {keeps the balance.}) 11. Nxd6+ $16 Qxd6 12. Bf4 Qb6 13. O-O-O O-O 14. h4 (14. Nxb5 $6 axb5 15. Bg5 Rxa2 $11) 14... Bc6 {[#]} (14... Rfd8 $16 {was worth a try.}) 15. Qe3 (15. h5 $1 $18) 15... Rfd8 16. Bg5 Rxd1+ 17. Rxd1 Nd7 18. Qg3 Kh8 19. Qd6 Re8 20. f3 (20. Kb1 {feels hotter.} c4 21. Be3 Qa5 22. f3 Qe5 23. Ne2) 20... c4 21. Qd4 Qxd4 22. Rxd4 b5 23. Rd6 Rc8 24. Nd5 exd5 25. exd5 Nb8 26. dxc6 Nxc6 {[%mdl 4096] Endgame KRB-KRN} 27. Rd7 (27. h5 $16) 27... Kg8 $11 28. Rb7 h6 29. Be3 Nb4 30. a3 Nd5 31. Bd2 Rc6 32. Rd7 {Threatens to win with Rd8+.} Nf6 33. Rd8+ Kh7 34. g4 Re6 35. Kd1 h5 36. gxh5 Nxh5 37. a4 Ng3 38. axb5 axb5 39. Rd5 Nf1 40. Rh5+ (40. Rxb5 $2 Rd6 $19) 40... Kg8 {Strongly threatening ...Rd6.} 41. Bc3 (41. Rxb5 $2 Rd6 $19) 41... Rb6 42. Be1 {Black must now prevent Ke2.} Ne3+ 43. Kd2 g6 44. Re5 Ng2 $2 {[#]} (44... Nf5 $14) 45. Bg3 $1 $18 f5 (45... Rd6+ $142 46. Ke2 f6 47. Rxb5 Re6+ 48. Kf2 Ne3) 46. Re2 (46. f4 $18 {and the rest is easy.}) 46... f4 $16 47. Rxg2 fxg3 48. Rxg3 {Hoping for h5. KR-KR} b4 $2 (48... Kf7 $16 {was called for.} 49. Rg5 Rf6 50. Rxb5 Rxf3) 49. h5 $18 {[%cal Bh4h5,Bh5g6][%mdl 32]} Rd6+ 50. Ke3 Re6+ $2 (50... b3 51. cxb3 (51. Rxg6+ $2 Rxg6 52. cxb3 Re6+ 53. Kd4 cxb3 $19) 51... Rd3+ 52. Ke4 Rxb3) 51. Kd4 Re2 52. Kxc4 Rxc2+ 53. Kb3 Rf2 54. hxg6 Kg7 55. Rg4 Rxf3+ $2 (55... Re2 56. Rxb4 (56. Kxb4 Rxb2+ 57. Kc3 Rb1 $18) 56... Kxg6) 56. Kxb4 Rf5 57. Ka4 {Precision: White = 50%, Black = 43%.} 1-0

[Event "Sabadell Open 2018"]
[Site "Sabadell"]
[Date "2018.09.06"]
[Round "6"]
[White "Lorenzo De La Riva, Lazaro"]
[Black "Boixader Arbo, Xavier"]
[Result "1-0"]
[WhiteElo "2399"]
[BlackElo "2028"]
[Annotator "TA"]
[PlyCount "61"]
[EventDate "2018.09.01"]
[EventType "swiss"]
[EventCountry "ESP"]
[SourceTitle "playchess.com"]
[Source "ChessBase"]
[SourceQuality "1"]

{[%evp 16,61,50,43,69,81,136,51,96,77,73,85,65,50,56,52,54,35,56,31,181,172,154,150,172,156,143,160,146,147,121,68,62,79,77,66,166,164,281,283,286,279,278,290,341,302,337,354]} 1. d4 e6 2. g3 f5 3. Bg2 Nf6 4. Nh3 d5 5. O-O Bd6 6. c4 c6 7. Bf4 O-O 8. Nc3 b6 {A90: Dutch Defence: Miscellaneous and Modern Stonewall (with ...Bd6)} 9. Rc1 {LiveBook: 4 Games} Ba6 10. cxd5 cxd5 $146 (10... exd5 $142 11. Be5 Bb7) ({Predecessor:} 10... exd5 11. Re1 Bb7 12. Qc2 Ne4 13. f3 Nxc3 14. bxc3 c5 15. e4 cxd4 16. cxd4 {1-0 (42) Nyzhnyk,I (2627)-Rosenthal,N (2134) Cleveland 2015}) 11. Re1 (11. Be5 $16) 11... Qe7 12. Qa4 Bxf4 13. Nxf4 Bb7 14. e3 g5 15. Nd3 Nc6 16. Nb1 Na5 17. Ne5 f4 (17... Ng4 $14) 18. exf4 $18 ({Don't play} 18. gxf4 $6 gxf4 19. Nd2 (19. exf4 Nh5 $14) 19... Kh8 $16) 18... gxf4 19. Nd2 (19. gxf4 $6 Nh5 $14) 19... Qg7 20. b4 Nc4 21. Ndxc4 dxc4 22. Bxb7 ({Much weaker is} 22. Nxc4 $6 fxg3 23. fxg3 Bxg2 $11) 22... Qxb7 {[#]} 23. Qc6 (23. b5 $1 $16) 23... Qxc6 $14 24. Nxc6 b5 25. Rxe6 Nd5 (25... a6 $14) 26. Re5 $18 Rf6 (26... Nc7 {is a better defense.} 27. Rc5 Rf7) 27. Rxd5 {White has a decisive advantage.} Rxc6 28. Rxb5 fxg3 29. hxg3 Rf8 30. Rc5 Rcf6 31. Rc2 {Precision: White = 50%, Black = 25%.} ({But not} 31. R1xc4 Rxf2 32. Rg5+ Kh8 $18) 1-0

[Event "Sabadell Open 2018"]
[Site "Sabadell"]
[Date "2018.09.06"]
[Round "6"]
[White "Valdes Romero, Leonardo"]
[Black "Munoz, Miguel"]
[Result "1/2-1/2"]
[WhiteElo "2398"]
[BlackElo "2471"]
[Annotator "TA"]
[PlyCount "56"]
[EventDate "2018.09.01"]
[EventType "swiss"]
[EventCountry "ESP"]
[SourceTitle "playchess.com"]
[Source "ChessBase"]
[SourceQuality "1"]

{[%evp 29,56,5,11,12,13,11,6,5,11,10,8,7,12,5,13,19,44,31,19,28,36,12,12,4,8,2,14,0,0]} 1. Nf3 c5 2. c4 Nc6 3. Nc3 {[%cal Bb1c3,Bc3b5,Bb5d4][%mdl 32]} g6 4. g3 Bg7 5. Bg2 e6 6. d4 cxd4 7. Nb5 d5 8. cxd5 exd5 9. Nbxd4 Nge7 10. O-O O-O 11. b3 {A37: Symmetrical English vs ...g6: 4 Bg2 Bg7 5 Nf3} (11. Be3 Re8 12. Rc1 Nf5 13. Nxc6 bxc6 14. Bd4 Nxd4 15. Nxd4 Qb6 16. e3 Bxd4 17. Qxd4 Qxd4 18. exd4 Re2 {0-1 (37) Fressinet,L (2708)-Yu,Y (2668) Tromsoe 2014 CBM 162 [Yu,Yangyi]}) 11... Nf5 12. Bb2 Qb6 13. e3 Nfxd4 14. Nxd4 Nxd4 15. Bxd4 Bxd4 {LiveBook: 3 Games} 16. exd4 Be6 17. Qd2 Rac8 $146 ({Predecessor:} 17... a5 18. h4 a4 {½-½ (45) Deneuville,C (2168)-Canamas Soler,J (2278) ICCF email 2016}) 18. Rfe1 Rc6 19. Re5 Rd8 20. Rae1 Kg7 21. h4 h5 $1 22. Bf3 f6 23. R5e2 Rd7 24. Bg2 Rdc7 25. Qf4 {[#] And now Rxe6! would win.} Bf7 $1 {The position is equal.} 26. Bh3 Qb4 27. Bf1 Qd6 28. Qd2 Rc3 {Precision: White = 59%, Black = 55%.} 1/2-1/2

[Event "Sabadell Open 2018"]
[Site "Sabadell"]
[Date "2018.09.06"]
[Round "6"]
[White "Valenzuela Gomez, Fernando"]
[Black "Gonzalez Garcia, Jose"]
[Result "1/2-1/2"]
[WhiteElo "2384"]
[BlackElo "2497"]
[Annotator "TA"]
[PlyCount "35"]
[EventDate "2018.09.01"]
[EventType "swiss"]
[EventCountry "ESP"]
[SourceTitle "playchess.com"]
[Source "ChessBase"]
[SourceQuality "1"]

{[%evp 16,35,6,10,38,40,41,41,37,41,31,12,31,25,42,28,36,12,9,10,18,8]} 1. d4 d5 2. c4 e6 3. Nc3 Bb4 4. g3 Nf6 5. Bg2 O-O 6. Nf3 dxc4 7. O-O Nc6 8. Qa4 {E20: Nimzo-Indian: 4 g3 and 4 f3} Bd7 9. Bg5 {LiveBook: 4 Games} a5 10. Bxf6 {White is slightly better.} Qxf6 11. a3 Nb8 $146 ({Predecessor:} 11... Bxc3 12. bxc3 Qd8 13. Qxc4 a4 14. Nd2 Na5 15. Qb4 Ra7 {1-0 (30) Caruana,F (2822)-Karjakin,S (2773) Saint Louis 2018}) 12. Qc2 Bxc3 13. bxc3 Bc6 14. Ne5 Bxg2 $1 15. Kxg2 Qd8 16. f3 Nd7 17. Nxc4 b5 18. Ne3 1/2-1/2

[Event "Sabadell Open 2018"]
[Site "Sabadell"]
[Date "2018.09.06"]
[Round "6"]
[White "Abhishek, Das"]
[Black "Gomez Jurado, Luis Alberto"]
[Result "1/2-1/2"]
[WhiteElo "2312"]
[BlackElo "2235"]
[Annotator "TA"]
[PlyCount "76"]
[EventDate "2018.09.01"]
[EventType "swiss"]
[EventCountry "ESP"]
[SourceTitle "playchess.com"]
[Source "ChessBase"]
[SourceQuality "1"]

{[%evp 27,76,0,68,68,69,60,69,68,70,55,59,53,105,97,187,200,184,107,104,102,648,85,70,68,71,68,62,36,34,41,39,30,149,24,48,0,0,0,0,0,4,4,4,0,0,0,0,0,0,0,0]} 1. e4 c6 2. d4 d5 3. exd5 cxd5 4. c4 Nf6 5. Nc3 Nc6 6. Nf3 Bg4 7. cxd5 Nxd5 8. Qb3 Bxf3 9. gxf3 e6 10. Qxb7 Nxd4 11. Bb5+ Nxb5 12. Qc6+ Ke7 13. Qxb5 Qd7 14. Nxd5+ exd5 {LiveBook: 16 Games} (14... Qxd5 $11 15. Qxd5 exd5) 15. Qd3 $14 {B13: Caro-Kann: Exchange Variation and Panov-Botvinnik Attack} (15. Qb3 Kf6 16. Be3 d4 17. Rd1 Bc5 18. Qc4 Rac8 19. Rg1 Rhe8 20. Rg4 dxe3 21. Rf4+ Kg6 22. Rg4+ Kf6 23. Rf4+ Kg5 24. Rg4+ {½-½ (24) David,A (2598)-Shirov,A (2710) Caleta 2012}) 15... f6 16. Be3 Kf7 17. O-O-O {White is slightly better.} Rd8 18. Rhg1 $146 {[%cal Bh1g1,Bg1g4,Bg4d4][%mdl 32]} ({Predecessor:} 18. Kb1 Be7 19. Rhg1 Qh3 20. Bxa7 g6 21. Bb6 Rd7 22. Rg3 Qe6 {½-½ (42) Meinhardt,M (2391)-Schloetzer,W (2308) Germany 2011}) 18... g6 19. Rg4 {[#]} Bg7 {[#]} (19... a6 $1 $14 {[%mdl 512]}) 20. Rd4 $1 $16 Ke6 (20... Qc6+ $16 21. Kb1 Rhe8) 21. Kb1 $18 f5 {[#]} 22. Qa6+ ({White should play} 22. Qe2 $1 $18 {Bg5+ is the strong threat.} Kf7 23. Rxd5 Qxd5 24. Rxd5 Rxd5 25. Qc4) 22... Qd6 $16 23. Ra4 ({Don't play} 23. Qxa7 $6 Rd7 $11) 23... d4 $2 {[%mdl 8192]} (23... Rd7 $16) 24. Bxd4 $2 (24. Qc4+ $18 {and White stays clearly on top.} Qd5 25. Ra6+ (25. Bxd4 Bxd4 26. Rxd4 Qxc4 $14) 25... Kf7 26. Rxa7+ Ke6 27. Qa6+ Rd6 28. Qa4) 24... Bxd4 25. Rdxd4 Qxa6 26. Rxa6+ Ke5 27. Rxd8 (27. Rb4 {with more complications.} Rd7 28. f4+ Kd5 29. Rba4 Re8 30. Kc2) 27... Rxd8 28. Rxa7 $14 {[%mdl 4096] Endgame KR-KR} Kf4 $1 29. Ra3 Rd1+ $1 30. Kc2 Rf1 31. Ra4+ Kxf3 {The position is equal.} 32. b4 {[%cal Bb2b4,Bb4b5][%mdl 32] And now b5 would win.} Rxf2+ 33. Kc3 {Black must now prevent b5.} Ke4 ({Don't go for} 33... Rxh2 $2 34. b5 $16) 34. b5+ Kd5 35. Rd4+ Kc5 {Strongly threatening ...Rf3+.} 36. a4 Rf3+ $1 37. Rd3 Rxd3+ 38. Kxd3 g5 {Precision: White = 75%, Black = 57%.} 1/2-1/2

[Event "Sabadell Open 2018"]
[Site "Sabadell"]
[Date "2018.09.06"]
[Round "6"]
[White "Arias, Daniel"]
[Black "Hernandez, Cristian Andres"]
[Result "0-1"]
[WhiteElo "2274"]
[BlackElo "2333"]
[Annotator "TA"]
[PlyCount "78"]
[EventDate "2018.09.01"]
[EventType "swiss"]
[EventCountry "ESP"]
[SourceTitle "playchess.com"]
[Source "ChessBase"]
[SourceQuality "1"]

{[%evp 15,78,0,9,0,28,-28,-35,-30,-28,-93,-104,-89,-97,-85,-81,-116,0,0,0,-133,-145,-139,-132,-131,-141,-162,-162,-345,-330,-381,-351,-353,-364,-350,-208,-206,-217,-211,-191,-192,-178,-189,-183,-299,-286,-329,-322,-295,-276,-335,-314,-355,-331,-860,-838,-815,-803,-1853,-1704,-2651,-2476,-12841,-12841,-12841,-12842]} 1. e4 c5 2. Nf3 d6 3. d4 Nf6 4. Nc3 cxd4 5. Nxd4 a6 6. h3 g6 7. Bc4 {B90: Sicilian Najdorf: Unusual White 6th moves, 6 Be3 Ng4 and 6 Be3 e5} (7. g4 Bg7 8. Be3 O-O 9. Qd2 b5 10. Bg2 Bb7 11. a3 Nbd7 12. g5 Nh5 13. Bf3 Ne5 14. Bxh5 gxh5 15. O-O-O Rc8 {0-1 (41) Xiong,J (2656)-Shankland,S (2717) Montevideo 2018}) 7... Bg7 8. Bb3 O-O {LiveBook: 35 Games} 9. Be3 {The position is equal.} b5 10. a4 (10. h4 $142) 10... b4 $11 11. Nd5 Nxe4 $146 ({Predecessor:} 11... Bb7 12. a5 Nxe4 13. Nb6 Ra7 14. O-O Nc5 15. Bd5 e6 16. Bxb7 Rxb7 {1-0 (27) Menneveux,J (2027)-Jaulin,M (2124) Pau 2008}) 12. Qf3 (12. O-O $11 {keeps the balance.}) 12... Nc5 $17 13. Nxb4 Qa5 14. Bd2 {White wants to play Bd5.} Bxd4 15. Nc6 {[#]} (15. Qxa8 $2 {too greedy.} Bb7 $19) 15... Qb6 (15... Bxf2+ $1 $17 16. Qxf2 (16. Kxf2 Qxd2+) 16... Qc7) 16. Nxe7+ $11 Kh8 17. Bc3 (17. Nxc8 $11 Rxc8 18. Qxa8 Re8+ 19. Kf1) 17... Bxc3+ $1 $17 ({And not} 17... Nxb3 18. Qf6+ $1 {[%mdl 512]} Bxf6 19. Bxf6#) 18. Qxc3+ f6 {White must now prevent ...Ne4.} 19. Nxc8 {[#]} Qb7 $1 $36 {[%mdl 2048] White is under strong pressure.} 20. Nxd6 Qe7+ 21. Kf1 $2 (21. Qe3 {is the only way for White.} Qxd6 22. Rd1) 21... Qxd6 $19 22. Qf3 {Hoping for Rd1.} Nxb3 23. cxb3 Nc6 24. Rd1 Qc5 (24... Nd4 $142 {...Rac8 is the strong threat.} 25. h4 Rad8) 25. Qc3 Qxc3 26. bxc3 Rfd8 27. Ke2 Kg7 28. Rxd8 Rxd8 ({Resist} 28... Nxd8 29. Rd1 $17) 29. Rd1 {[#]} (29. Rb1 {keeps fighting.}) 29... Rxd1 $1 30. Kxd1 {[%mdl 4096] Endgame KN-KP} Kf7 31. Kd2 Ke6 32. Kd3 Kd5 33. f3 Na5 34. c4+ $2 (34. Kc2) 34... Kc5 {Black is clearly winning.} 35. Kc3 Nc6 36. a5 g5 37. g3 f5 38. f4 gxf4 39. gxf4 h6 {Precision: White = 31%, Black = 68%.} 0-1

[Event "Sabadell Open 2018"]
[Site "Sabadell"]
[Date "2018.09.06"]
[Round "6"]
[White "Chavez, Ricardo Ernesto"]
[Black "Aroshidze, Levan"]
[Result "0-1"]
[WhiteElo "2244"]
[BlackElo "2513"]
[Annotator "TA"]
[PlyCount "100"]
[EventDate "2018.09.01"]
[EventType "swiss"]
[EventCountry "ESP"]
[SourceTitle "playchess.com"]
[Source "ChessBase"]
[SourceQuality "1"]

{[%evp 26,100,0,-6,0,-8,0,0,0,0,23,0,0,0,0,0,0,-13,-14,-10,-15,-12,-6,-24,-27,-15,-31,-42,-22,-33,-16,-111,-112,-126,-110,-317,-307,-307,-309,-296,-297,-301,-199,-176,-183,-195,-140,-135,-143,-310,-142,-239,-220,-276,-189,-428,-431,-427,-433,-412,-412,-401,-359,-355,-350,-443,-429,-1524,-1112,-669,-550,-1091,-1183,-29990,-29991,-29991,-29992]} 1. e4 c5 2. Nf3 e6 3. d4 cxd4 4. Nxd4 a6 5. Nc3 Qc7 6. Bd3 Nf6 7. O-O d6 8. Kh1 Be7 9. f4 O-O 10. Qf3 {B82: Sicilian Scheveningen: 6 f4} Nbd7 {[%cal Bb8d7,Bd7c5,Bc5d3][%mdl 32]} (10... Nc6 11. Nxc6 bxc6 12. b3 d5 13. Bb2 a5 14. e5 Nd7 15. Qh3 g6 16. Nd1 Ba6 17. Ne3 Bxd3 18. cxd3 {1-0 (76) Djukic,N (2538)-Zhigalko,A (2588) Cappelle-la-Grande 2013}) 11. Bd2 b5 12. a3 Bb7 13. Rae1 Nc5 14. Qg3 {LiveBook: 6 Games} Rad8 15. b4 Nxd3 16. cxd3 Rfe8 $146 17. Rc1 {[#] Black must now prevent Nd5.} Qb8 18. f5 e5 $1 {[%cal Re5d4]} 19. Nb3 Kh8 20. Na5 Ba8 21. Qh3 d5 {[%cal Rd5e4]} 22. Bg5 dxe4 23. Bxf6 Bxf6 24. Nxe4 Qb6 25. Nb3 Bd5 26. Nbc5 Be7 27. f6 gxf6 {[%cal Bg7f6,Bf6f5][%mdl 32]} 28. Rf5 (28. Qf5 $11) 28... Rg8 $17 29. Rcf1 Rg7 30. R1f2 $2 (30. Qe3 $17) 30... Be6 $19 31. Nxe6 fxe6 32. R5f3 f5 33. Ng3 Qd4 34. Qh6 Rg6 35. Qc1 Bh4 (35... Bg5 $19 36. Qc7 Rg7) 36. Rc2 $17 Rdg8 $36 {[%cal Rh4g3][%mdl 2048] Black is really pushing.} 37. Nh5 $2 (37. Rc8 $17) 37... Bg5 (37... f4 $19 {is more deadly. ...Rh6 is the strong threat.} 38. Rh3 Bf2) 38. Qe1 (38. Qg1 $17) 38... Rh6 $19 39. Rh3 Bd8 40. Re2 $2 (40. Qc3) 40... Qg4 41. Ng3 Rxh3 42. gxh3 Qf3+ 43. Rg2 Bf6 44. Qe2 Qd5 45. Kg1 Bd8 {Hoping for ...Bb6+.} 46. Nf1 (46. Kh1 $142) 46... Bb6+ 47. Kh1 Bd4 48. Nd2 Rc8 {[#] ( -> ...Rc1+)} 49. h4 Rc1+ 50. Nf1 f4 {Precision: White = 27%, Black = 66%.} 0-1

[Event "Sabadell Open 2018"]
[Site "Sabadell"]
[Date "2018.09.06"]
[Round "6"]
[White "Cano Sevilla, Ivan"]
[Black "Prats Rodriguez, Juan Bosco"]
[Result "1-0"]
[WhiteElo "1961"]
[BlackElo "1997"]
[Annotator "NA"]
[PlyCount "75"]
[EventDate "2018.09.01"]
[EventType "swiss"]
[EventCountry "ESP"]
[SourceTitle "playchess.com"]
[Source "ChessBase"]
[SourceQuality "1"]
[TimeControl "5400+30"]

1. d4 {[%emt 0:03:27]} d6 {[%emt 0:00:00]} 2. Bf4 {[%emt 0:00:42]} Nf6 {[%emt 0:00:00]} 3. Nc3 {[%emt 0:00:00]} g6 {[%emt 0:01:33]} 4. e4 Bg7 {[%emt 0:01:49]} 5. Qd2 {[%emt 0:00:28]} a6 {[%emt 0:00:44]} 6. f3 {[%emt 0:02:40]} h6 {[%emt 0:08:27]} 7. a4 {[%emt 0:03:10]} Nc6 {[%emt 0:03:04]} 8. Bc4 {[%emt 0:02:00]} g5 {[%emt 0:04:56]} 9. Be3 {[%emt 0:07:41]} e5 {[%emt 0:00:17]} 10. Nge2 {[%emt 0:00:19]} Qe7 {[%emt 0:05:00]} 11. Nd5 {[%emt 0:00:06]} Nxd5 {[%emt 0:00:44]} 12. Bxd5 {[%emt 0:00:36]} Nxd4 $14 {[%emt 0:09:49]} 13. Nxd4 {[%emt 0:01:06]} exd4 {[%emt 0:00:05]} 14. Bxd4 {[%emt 0:02:33]} Be5 15. Qc3 {[%emt 0:00:19]} O-O {[%emt 0:06:00]} 16. Bxe5 {[%emt 0:00:37]} dxe5 {[%emt 0:02:22]} 17. O-O c6 {[%emt 0:01:25]} 18. Bb3 {[%emt 0:01:39]} Rd8 {[%emt 0:02:36]} 19. Rad1 Bd7 20. Rd3 {[%emt 0:04:50]} Be8 {[%emt 0:08:49]} 21. Rfd1 {[%emt 0:00:59]} Rxd3 {[%emt 0:03:53]} 22. Qxd3 Kg7 23. Kf2 {[%emt 0:13:46]} Rc8 {[%emt 0:01:03]} 24. Qd6 {[%emt 0:01:24]} Rc7 25. a5 Qxd6 {[%emt 0:04:37]} 26. Rxd6 {[%emt 0:00:34]} Rd7 {[%emt 0:00:17]} 27. Rxd7 {[%emt 0:00:11]} Bxd7 {[%emt 0:00:01]} 28. Ke3 f5 {[%emt 0:04:07]} 29. Kd3 {[%emt 0:07:57]} g4 30. Kc4 gxf3 {[%emt 0:01:24]} 31. gxf3 {[%emt 0:03:59]} fxe4 {[%emt 0:01:28]} 32. fxe4 {[%emt 0:00:00]} Be6+ {[%emt 0:01:12]} 33. Kc5 {[%emt 0:00:22]} Bxb3 {[%emt 0:00:16]} 34. cxb3 {[%emt 0:00:04]} Kf6 {[%emt 0:00:12]} 35. Kd6 c5 {[%emt 0:01:13]} 36. h4 {[%emt 0:03:31]} Kg6 {[%emt 0:00:11]} 37. Kxe5 {[%emt 0:00:04]} Kh5 {[%emt 0:00:05]} 38. Kf4 1-0